| 000 | 00000nam##2200000za#4500 |
| 001 | 9.684466 |
| 003 | CaOODSP |
| 005 | 20210615134224 |
| 007 | ta |
| 008 | 150407|2009||||xxc||||| f|0| 0 fre|d |
| 020 | |a978-1-100-90626-3 |
| 040 | |aCaOODSP|bfre |
| 043 | |an-cn--- |
| 086 | 1 |aH128-1/09-568F |
| 110 | 1 |aCanada. |bSanté Canada. |
| 245 | 10|aConseils de sécurité en matière de jouets |
| 260 | |aOttawa - Ontario : |bSanté Canada |cc2009. |
| 300 | |a1 feuille pliée ([2]p.) : |bill. en couleur ; |c43 cm. |
| 563 | |aDépliant |
| 590 | |a09-23|b2009-06-05 |
| 775 | 08|tToy safety tips |w(CaOODSP)9.651442 |
| 776 | 0#|tConseils de sécurité en matière de jouets |w(CaOODSP)9.643642 |
| 986 | |aSC Pub.: 4476 |